| 000 | 00452nam a2200157Ia 4500 | ||
|---|---|---|---|
| 008 | 140529s9999 xx 000 0 und d | ||
| 020 | _a9789712724763 | ||
| 050 |
_aPR 9550.9 _b.M625 2010 |
||
| 100 | _aMiclat, Mario I. | ||
| 245 |
_aSecrets of the eighteen mansions : _ba novel / _cby Mario I. Miclat |
||
| 260 |
_aManila, Philippines : _bAnvil Pub., _cc2010. |
||
| 300 |
_a351 p. ; _c21 cm. |
||
| 521 | _aGE | ||
| 942 |
_kLOC _cBK |
||
| 999 |
_c117710 _d117710 |
||